00395nam a2200145Ia 4500008004100000020001500041041000800056082001600064100004200080245005300122250000600175260003900181300001200220650001700232210716s2002 xx 000 0 und d a8178086840 aeng a006.37 DEIH aDeitel, H M; Deitel, P J; Nieto, T R. aVisual basic 6: how to program.bHow to program. a1 aNew DelhibPearson Educationc2002 aLI,1015 aVisual Basic